01757cam a2200265 i 450000100090000000300050000900500170001400800410003101000170007202000180008902000280010704000280013504200080016305000220017108200080019310000230020124502160022425000180044026000360045830000540049450000530054850508490060165000160145070000250146617912754SISC20170123135603.0131021s2015 nyua b 001 0 eng  a 2013037450 a9781259254222 a0077862546 (alk. paper) aDLCbengcDLCerdadDLC apcc00aHD 31b.B369 201500a6581 aBateman, Thomas S.10aManagement :bleading & collaborating in a competitive world /cThomas S. Bateman, McIntire School of Commerce, University of Virginia, Scott A. Snell, Darden Graduate School of Business, University of Virginia. a11th edition. aNew York :bMcGraw-Hill,c2015. axxxii, 630 pages :bcolor illustrations ;c28 cm. aIncludes bibliographical references and indexes.0 aPreface -- Foundations of management -- Managing and performing -- The external and internal environments -- Managerial decision making -- Planning: delivering strategic value -- Planning and strategic management -- Ethics, corporate responsibility, and sustainability -- International management -- Entrepreneurship -- Organizing: building a dynamic organization -- Organization structure -- Organizational agility -- Human resources management -- Managing the diverse workforce -- Leading: mobilizing people -- Leadership -- Motivating for performance -- Teamwork -- Communicating -- Controlling: learning and changing -- Managerial control -- Managing technology and innovation -- Creating and leading change -- Supporting case: technology helps dollar general pinch pennies -- Notes -- Photo credits -- Glossary/subject index -- Name index. 0aManagement.1 aSnell, Scott.d1958-